Countries That Have Controlled the Holy Land - Statistics

General Stats
  • This quiz has been taken 315 times
  • The average score is 13 of 18
Answer Stats
Years Country % Correct
1948-Present Israel
98%
1917-1948 British Empire
95%
BC-270 Roman Empire
92%
273-395 Roman Empire
92%
1517-1798 Ottoman Empire
90%
1799-1917 Ottoman Empire
90%
1798-1799 France
76%
1286-1517 Mamluk Sultanate
76%
751-969 Abbasid Caliphate
69%
395-607 Byzantine Empire
69%
628-639 Byzantine Empire
69%
607-628 Sassanian Empire
69%
662-751 Umayyad Caliphate
69%
639-662 Rashidun Caliphate
61%
969-1071 Fatamid Caliphate
53%
1071-1100 Seljuk Empire
45%
1100-1286 Jerusalem
35%
270-273 Palmyrene Empire
10%
No matching quizzes found
Score Distribution
Percent of People with Each Score
Percentile by Number Answered
Your Score History
You have not taken this quiz